000 00729nam a2200277Ia 4500
001 28239
005 20240114001039.0
007 ta
008 060606s2000 g b000 u 465 u
020 _a81-7156-896-3
040 _aCotton College Assam
041 _a465
082 _a181.4
_bCh 36 In
100 _aChande, M.B. .
245 0 _aIndian Philosophy in Modern Times /
_cM.B.Chande.
_hTextual Documents
250 _a1st ed. /
260 _aNew Delhi :
_bAtlantic Publishers ,
_c2000.
300 _axviii,405p. ;
_c22cm.
504 _aIndex
653 _aIndian Philosophy
653 _aPhilosophy-India
653 _aG-Philosophy
942 _2ddc
_cBK
999 _c28221
_d28221